000 00888nas a2200301 4500
001 BR0702450
003 BR-BrBNA
005 20231205110746.0
007 ta
008 230509b bl.|||p| |||| 00| 00por d
040 _aBR-BrBNA
_bpor
_cBiblioteca Nacional de Agricultura
041 _a(Pt)
072 _aL74
100 1 _aLucioli, J.
100 1 _aFurlan, F.H.
100 1 _aMezaroba, S.
100 1 _aRaymundo, D.I.
100 1 _aBechtold, S.I.
100 1 _aTraverso, S.D.
100 1 _aGava, A.
245 1 _aIntoxicação aguda por fluorsilicato de sódio em bovinos no Estado de Santa Catarina
650 _aBOVINO
650 _aINTOXICAÇÃO ANIMAL
650 _aMEDICAMENTO
773 0 _tPesquisa Veterinária Brasileira (Brazil)
_xISSN 0100-736X
_g(Jan 2007), v. 27(1) p. 49-52
_wBR0702450
909 _a202311
_bLúcia
_c55
_dLúcia Elande
942 _2AGRIS
_n0
_cANA
999 _c188917
_d188917